000 00285nam a2200109Ia 4500
008 231120s2018 xx 000 0 und d
041 _aeng
100 _aJULIE KING
245 _aTHE PAINT PAD ARTIST: WATERCOLOUR FLOWERS
260 _aSEARCH PRESS
_bSEARCH PRESS
_c2018
300 _aH-96
999 _c933451
_d933451